00623nam a2200157Ia 4500008004100000100001800041245011600059245004300175260005300218260001800271300000800289650001500297856006100312999001900373952007300392170221s9999 xx 000 0 und d aSee Kwong Goh 4aThe Impact of Brand trust, Self-image Congruence and Usage Satisfaction toward Smartphone Repurchase Intention  cSee Kwong Goh, Nan Jiang, Pei Leng Tee bInternational Review of Management and Marketing cDecember 2012 a4:2 xMarketing. uhttp://www.econjournals.com/index.php/irmm/issue/view/82 c310433d310433 001040aCLbCLd2017-02-21l0r2017-02-21 00:00:00w2017-02-21yFOJ